000 00589nam a2200265Ia 4500
005 20260306164213.0
008 008 260114s9999 xx 000 0 eng d
020 _a9780823250714
037 _aEBOOK
040 _aCRL
040 _beng
040 _cCRL
041 _2eng
041 _aeng
084 _qCRL
100 _aBearn
_91130212
245 0 _aLife Drawing
260 _bFordham University Press
260 _c2013
650 _aPhilosophy
856 _uhttps://academic.oup.com/book/22272
942 _cEBOOK
999 _c1713164
_d1713164